|
|
|
|
| LEADER |
00000naa2a2200000 4500 |
| 001 |
143776 |
| 005 |
20231031143348.0 |
| 035 |
|
|
|a (RuTPU)RU\TPU\book\155808
|
| 090 |
|
|
|a 143776
|
| 100 |
|
|
|a 20080924d2005 k y0rusy50 ca
|
| 101 |
0 |
|
|a rus
|
| 102 |
|
|
|a RU
|
| 200 |
1 |
|
|a Создание программного обеспечения формирования сводного линейного графика в рамках подсистемы планирования и организации учебного процесса
|f А. С. Демидов, Д. М. Шингарев, И. Л. Чудинов
|
| 320 |
|
|
|a Библиогр.: 3 назв.
|
| 463 |
|
0 |
|0 (RuTPU)RU\TPU\book\118408
|t Молодежь и современные информационные технологии
|o сборник трудов III Всероссийской научно-практической конференции студентов, г. Томск, 15 февраля - 17 февраля 2005 г.
|f Томский политехнический университет
|v С. 113-115
|d 2005
|p 284 с.
|
| 610 |
1 |
|
|a программное обеспечение
|
| 610 |
1 |
|
|a линейные графики
|
| 610 |
1 |
|
|a планирование
|
| 610 |
1 |
|
|a подсистемы планирования
|
| 610 |
1 |
|
|a учебные процессы
|
| 610 |
1 |
|
|a организация
|
| 610 |
1 |
|
|a труды учёных ТПУ
|
| 700 |
|
1 |
|a Демидов
|b А. С.
|
| 701 |
|
1 |
|a Шингарев
|b Д. М.
|
| 701 |
|
1 |
|a Чудинов
|b И. Л.
|c специалист в области информатики и вычислительной техники
|c доцент Томского политехнического университета, кандидат технических наук
|f 1945-
|g Игорь Леонидович
|2 stltpush
|3 (RuTPU)RU\TPU\pers\25955
|
| 801 |
|
1 |
|a RU
|b 63413507
|c 20080924
|g PSBO
|
| 801 |
|
2 |
|a RU
|b 63413507
|c 20180123
|g RCR
|
| 942 |
|
|
|c BK
|